Atlante della sessualità ; con 34 illustrazioni nel testo /Franca Rome.

Na minha lista:
Detalhes bibliográficos
Formato: Livro
Idioma:Língua italiana
Publicado em: Milano : A. Mondadori, 1978
Colecção:Suggerito da Duepiù
Tags: Adicionar Tag
Sem tags, seja o primeiro a adicionar uma tag!

MARC

LEADER 00000nam a22000007i 4500
001 IT\ICCU\LIA\0195296
003 ItRI
005 20250718141926.0
008 780712s1978 it |||||| ||||| |||||c
040 |b ita  |c ct 
041 7 |a ita  |2 ISO-639-2 
245 0 0 |a Atlante della sessualità ; con 34 illustrazioni nel testo /Franca Rome. 
260 |a Milano :  |b A. Mondadori,  |c 1978 
300 |a 237 p. :  |b ill. ;  |c 20 cm. 
830 0 |a Suggerito da Duepiù  |0 IT\ICCU\SBL\0322093 
942 |2 ddc  |c BK 
952 |0 0  |1 0  |2 ddc  |4 0  |7 0  |9 8523  |a MI  |b MI  |d 1989-03-13  |i 1605  |l 0  |p CDOM1605  |r 2025-07-17 21:50:29  |w 2025-07-17  |x ACQUISTO  |y BK 
981 1 |6 z01  |a i   |b xxxe  
982 1 |6 z01  |a n 
999 |c 7728  |d 7728